000 00305nam a2200121Ia 4500
008 220217s9999||||xx |||||||||||||| ||und||
082 _a004.68 LEO
100 _aLeon, Alexis
_93618
245 0 _aInternet for everyone
260 _aLeon tech world
_bNew Delhi
_c2004
300 _b150
650 _aWWW
999 _c175066
_d175066